| 000 | 02739cam a2200277 i 4500 | ||
|---|---|---|---|
| 999 |
_c200452928 _d71140 |
||
| 003 | TR-AnTOB | ||
| 005 | 20230414161208.0 | ||
| 007 | ta | ||
| 008 | 110712m20092012tu 000 0 tur d | ||
| 035 | _a(OCoLC)904541411 | ||
| 040 |
_aSULEY _beng _erda _cSULEY _dTR-AnTOB |
||
| 041 | 0 | _atur | |
| 050 | 1 | 4 |
_aHD8038.A1 _bU48 |
| 090 |
_aHD8038.A1 _bU48 |
||
| 245 | 0 | 0 |
_aUlusal meslek standartları / _c[Hazırlayan] Mesleki Yeterlilik Kurumu. |
| 264 | 1 |
_aİstanbul : _bTürkiye Metal Sanayicileri Sendikası, _c2009-2012. |
|
| 300 |
_avolumes ; _c30 cm |
||
| 336 |
_atext _btxt _2rdacontent |
||
| 337 |
_aunmediated _bn _2rdamedia |
||
| 338 |
_avolume _bnc _2rdacarrier |
||
| 505 | 0 | 0 |
_gcilt 1. _tMakina bakımcı seviye 3 : referans kodu/09UMS00103 (Resmi Gazete tarih-sayı:25/8/2009-27330 (Mükerrer)--Makina bakımcı seviye 4 : referans kodu /09UMS00104 (Resmi Gazete tarih-sayı:25/8/2009-27330 (Mükerrer)--Makina bakımcı seviye 5 : referans kodu /09UMS00105 (Resmi Gazete tarih-sayı:25/8/2009-27330 (Mükerrer)--Motor test teknisyeni seviye 4 : referans kodu /09UMS00114 (Resmi Gazete tarih-sayı:25/8/2009-27330 (Mükerrer)--Motor test teknisyeni seviye 5 : referans kodu /09UMS00115 (Resmi Gazete tarih-sayı:2 5/8/2009-27330 (Mükerrer)--Otomotiv boyacısı seviye 3 : referans kodu /09UMS00123 (Resmi Gazete tarih-sayı:25/8/2009 27330 (Mükerrer)--Otomotiv boyacısı seviye 4 : referans kodu /09UMS00124 (Resmi Gazete tarih-sayı:25/8/2009-27330 (Mükerrer)--Otomotiv montajcısı seviye 3 : referans kodu /09UMS00133 (Resmi Gazete tarih-sayı:25/8/2009-27330 (Mükerrer)--Otomotiv montajcısı seviye 4 : referans kodu /09UMS00134 ( (Resmi Gazete tarih-sayı: 25/8/2009-27330 (Mükerrer).-- _gcilt 2. _tHaddeci seviye 3 : referans kodu /10UMS00433 (Resmi Gazete tarih-sayı/3/2/2010-27482)--Haddeci seviye 4 : referans kodu /10UMS00434 (Resmi Gazete tarih-sayı/3/2/2010-27482)--Endüstriyel fırın işçisi seviye 3 : referans kodu /10UMS00443 (Resmi Gazete tarih-sayı 3/2/2010/27482)---Endüstriyel fırın işçisi seviye 4 : referans kodu /10UMS00444 (Resmi Gazete tarih-sayı 3/2/2010-27482) --Endüstriyel taşımacı seviye 3 : referans kodu /10UMS00453 (Resmi Gazete tarih-sayı 3/2/210-27482)--Otomotiv kaportacısı seviye 3 :referans kodu /10UMS00463 (Resmi Gazete tarih-sayı 3/2/2010-27482)--Otomotiv kaportacısı seviye 4 : referans kodu /10UMS00464 (Resmi Gazete tarih-sayı 3/2/2010-27482)--Otomotiv prototipçisi seviye 4 /10UMS00474 (Resmi Gazete tarih-sayı 3/2/2010-27482)---Otomotiv prototipçisi seviye 5 : referans kodu /10UMS00475 Resmi Gazete tarih-sayı 3/2/2010-27482) |
| 650 | 0 |
_aProfessions _xStandards _9101093 |
|
| 710 | 2 |
_aMESS (Union) _94121 |
|
| 942 |
_2lcc _cBK |
||